Annyss Sophillea

Bibliographic Details
Other Authors: Hassan Alias, Zaiton Abu Samah
Format: Book
Published: Kuala Lumpur : Dewan Bahasa Dan Pustaka , 1993
Series:Antologi cerpen dan puisi
Subjects:

MARC

LEADER 00000cam a2200000 7i4500
001 0000020385
005 20080701.0
008 080625
020 |a 9836236198 
090 0 0 |a 899.231308   |b ANN 
245 1 0 |a Annyss Sophillea   |c diselenggarakan oleh Zaiton Abu Samah ; Hassan Alias 
260 |a Kuala Lumpur :   |b Dewan Bahasa Dan Pustaka ,   |c 1993 
440 |a Antologi cerpen dan puisi 
650 0 |a Malay poetry 
650 0 |a Young adult fiction, Malay 
700 1 |a Hassan Alias 
700 1 |a Zaiton Abu Samah 
999 |a 0001026429   |b Book   |c Adult Collection   |e Perbadanan Perpustakaan Awam Johor 
999 |a 0001026431   |b Book   |c Adult Collection   |e Perbadanan Perpustakaan Awam Johor